MARC details
| 000 -LEADER |
| fixed length control field |
02890cam a2200709 i 4500 |
| 001 - CONTROL NUMBER |
| control field |
on1117912452 |
| 003 - CONTROL NUMBER IDENTIFIER |
| control field |
OCoLC |
| 005 - DATE AND TIME OF LATEST TRANSACTION |
| control field |
20200320223553.0 |
| 008 - FIXED-LENGTH DATA ELEMENTS--GENERAL INFORMATION |
| fixed length control field |
190822s2020 mnua b 000 1 eng |
| 010 ## - LIBRARY OF CONGRESS CONTROL NUMBER |
| LC control number |
2019032432 |
| 015 ## - NATIONAL BIBLIOGRAPHY NUMBER |
| National bibliography number |
GBC023687 |
| Source |
bnb |
| 016 7# - NATIONAL BIBLIOGRAPHIC AGENCY CONTROL NUMBER |
| Record control number |
019711176 |
| Source |
Uk |
| 019 ## - |
| -- |
1117627436 |
| -- |
1117631977 |
| 020 ## - INTERNATIONAL STANDARD BOOK NUMBER |
| International Standard Book Number |
9781631634000 |
| Qualifying information |
(paperback) |
| 020 ## - INTERNATIONAL STANDARD BOOK NUMBER |
| International Standard Book Number |
1631634003 |
| 020 ## - INTERNATIONAL STANDARD BOOK NUMBER |
| International Standard Book Number |
9781631633997 |
| Qualifying information |
(hardcover) |
| 020 ## - INTERNATIONAL STANDARD BOOK NUMBER |
| International Standard Book Number |
1631633996 |
| 020 ## - INTERNATIONAL STANDARD BOOK NUMBER |
| Cancelled/invalid ISBN |
9781631634017 |
| Qualifying information |
(ebook) |
| 029 1# - (OCLC) |
| OCLC library identifier |
UKMGB |
| System control number |
019711176 |
| 035 ## - SYSTEM CONTROL NUMBER |
| System control number |
(OCoLC)1117912452 |
| Canceled/invalid control number |
(OCoLC)1117627436 |
| -- |
(OCoLC)1117631977 |
| 040 ## - CATALOGING SOURCE |
| Original cataloging agency |
UBP/DLC |
| Language of cataloging |
eng |
| Description conventions |
rda |
| Transcribing agency |
DLC |
| Modifying agency |
BDX |
| -- |
JSE |
| -- |
JTH |
| -- |
BKL |
| -- |
OCLCF |
| -- |
UKMGB |
| -- |
GK8 |
| -- |
DLC |
| -- |
WACOL |
| 042 ## - AUTHENTICATION CODE |
| Authentication code |
lcac |
| -- |
pcc |
| 049 ## - LOCAL HOLDINGS (OCLC) |
| Holding library |
WACL |
| 050 00 - LIBRARY OF CONGRESS CALL NUMBER |
| Classification number |
PZ7.1.S2595 |
| Item number |
Sto 2020 |
| 082 00 - DEWEY DECIMAL CLASSIFICATION NUMBER |
| Classification number |
[Fic] |
| Edition number |
23 |
| 092 ## - LOCALLY ASSIGNED DEWEY CALL NUMBER (OCLC) |
| Classification number |
junior fiction |
| Item number |
San |
| 100 1# - MAIN ENTRY--PERSONAL NAME |
| Personal name |
Sanderson, Whitney, |
| Relator term |
author. |
| 9 (RLIN) |
5961496 |
| 245 10 - TITLE STATEMENT |
| Title |
Stolen magic / |
| Statement of responsibility, etc |
by Whitney Sanderson ; illustrated by Jomike Tejido. |
| 250 ## - EDITION STATEMENT |
| Edition statement |
First Edition. |
| 264 #1 - Production, Publication, Distribution, Manufacture, and Copyright Notice. |
| Place of production, publication, distribution, manufacture |
Mendota Heights, Minnesota : |
| Name of producer, publisher, distributor, manufacturer |
Jolly Fish Press, |
| Date of production, publication, distribution, manufacture, or copyr |
[2020] |
| 300 ## - PHYSICAL DESCRIPTION |
| Extent |
68 pages : |
| Other physical details |
illustrations ; |
| Dimensions |
20 cm. |
| 336 ## - Content Type |
| Content type term |
text |
| 337 ## - Media type |
| Media type term |
unmediated |
| 338 ## - Carrier type |
| Carrier type term |
volume |
| 490 1# - SERIES STATEMENT |
| Series statement |
Unicorns of the secret stable ; |
| Volume number/sequential designation |
book 3 |
| 521 1# - TARGET AUDIENCE NOTE |
| Target audience note |
Ages 6-8. |
| 520 ## - SUMMARY, ETC. |
| Summary, etc |
When someone discovers Rainbow Mist and wants to use her magic, Iris and Ruby must protect the unicorn magic before it is gone forever. |
| 521 ## - TARGET AUDIENCE NOTE |
| Target audience note |
junior fiction |
| Source |
rainbow books |
| 650 #0 - SUBJECT ADDED ENTRY--TOPICAL TERM |
| Topical term or geographic name as entry element |
Unicorns |
| Form subdivision |
Juvenile fiction. |
| 9 (RLIN) |
5692307 |
| 650 #0 - SUBJECT ADDED ENTRY--TOPICAL TERM |
| Topical term or geographic name as entry element |
Animals |
| General subdivision |
Treatment |
| Form subdivision |
Juvenile fiction. |
| 9 (RLIN) |
6021385 |
| 650 #0 - SUBJECT ADDED ENTRY--TOPICAL TERM |
| Topical term or geographic name as entry element |
Magic |
| Form subdivision |
Juvenile fiction. |
| 9 (RLIN) |
5673690 |
| 650 #1 - SUBJECT ADDED ENTRY--TOPICAL TERM |
| Topical term or geographic name as entry element |
Unicorns |
| Form subdivision |
Fiction. |
| 9 (RLIN) |
5692523 |
| 650 #1 - SUBJECT ADDED ENTRY--TOPICAL TERM |
| Topical term or geographic name as entry element |
Animals |
| General subdivision |
Treatment |
| Form subdivision |
Fiction. |
| 9 (RLIN) |
5751183 |
| 650 #1 - SUBJECT ADDED ENTRY--TOPICAL TERM |
| Topical term or geographic name as entry element |
Magic |
| Form subdivision |
Fiction. |
| 9 (RLIN) |
5673694 |
| 650 #7 - SUBJECT ADDED ENTRY--TOPICAL TERM |
| Topical term or geographic name as entry element |
Animals |
| General subdivision |
Treatment. |
| Source of heading or term |
fast |
| -- |
(OCoLC)fst00809556 |
| 9 (RLIN) |
102536 |
| 650 #7 - SUBJECT ADDED ENTRY--TOPICAL TERM |
| Topical term or geographic name as entry element |
Magic. |
| Source of heading or term |
fast |
| -- |
(OCoLC)fst01005468 |
| 9 (RLIN) |
6021386 |
| 650 #7 - SUBJECT ADDED ENTRY--TOPICAL TERM |
| Topical term or geographic name as entry element |
Unicorns. |
| Source of heading or term |
fast |
| -- |
(OCoLC)fst01161301 |
| 9 (RLIN) |
6021387 |
| 655 #0 - INDEX TERM--GENRE/FORM |
| Genre/form data or focus term |
Children's stories. |
| 9 (RLIN) |
6021388 |
| 655 #7 - INDEX TERM--GENRE/FORM |
| Genre/form data or focus term |
Fiction. |
| Source of term |
fast |
| -- |
(OCoLC)fst01423787 |
| 9 (RLIN) |
5673940 |
| 655 #7 - INDEX TERM--GENRE/FORM |
| Genre/form data or focus term |
Juvenile works. |
| Source of term |
fast |
| -- |
(OCoLC)fst01411637 |
| 9 (RLIN) |
5673941 |
| 655 #7 - INDEX TERM--GENRE/FORM |
| Genre/form data or focus term |
Fantasy fiction. |
| Source of term |
lcgft |
| 9 (RLIN) |
6021389 |
| 700 1# - ADDED ENTRY--PERSONAL NAME |
| Personal name |
Tejido, Jomike, |
| Relator term |
illustrator. |
| 9 (RLIN) |
5940630 |
| 776 08 - ADDITIONAL PHYSICAL FORM ENTRY |
| Display text |
Online version: |
| Main entry heading |
Sanderson, Whitney. |
| Title |
Stolen magic. |
| Edition |
First edition. |
| Place, publisher, and date of publication |
Mendota Heights, Minnesota : Jolly Fish Press, [2020] |
| International Standard Book Number |
9781631634017 |
| Record control number |
(DLC) 2019032433 |
| 800 1# - SERIES ADDED ENTRY--PERSONAL NAME |
| Personal name |
Sanderson, Whitney. |
| Title of a work |
Unicorns of the secret stable ; |
| Volume/sequential designation |
bk. 3. |
| 9 (RLIN) |
6021390 |
| 938 ## - |
| -- |
YBP Library Services |
| -- |
YANK |
| -- |
16430371 |
| 938 ## - |
| -- |
YBP Library Services |
| -- |
YANK |
| -- |
16430372 |
| 938 ## - |
| -- |
Brodart |
| -- |
BROD |
| -- |
125595832 |
| 942 ## - ADDED ENTRY ELEMENTS (KOHA) |
| Koha item type |
BOOK |
| 948 ## - LOCAL PROCESSING INFORMATION (OCLC); SERIES PART DESIGNATOR (RLIN) |
| Series part designator, SPT (RLIN) |
03/17/2020 |
| z (OCLC) |
Sirsi |
| 994 ## - |
| -- |
C0 |
| -- |
WACOL |
| 996 ## - |
| -- |
176368 |
| -- |
34301001638180 |
| -- |
J |
| -- |
bk |
| -- |
wcl |
| -- |
s |
| -- |
0 |
| -- |
18.99 |
| -- |
rainbow books |
| -- |
San |
| -- |
03/17/2020 |
| -- |
03/18/2020 |